Statistics for Most Famous Things By Category - According to ChatGPT

Click here to take the quiz!

General Stats

  • This quiz has been taken 59 times
  • The average score is 49 of 100

Answer Stats

AnswerAnswer% Correct
CountriesUnited States
100%
WarsWorld War I
98%
WarsWorld War II
98%
CountriesChina
96%
SportsFootball
95%
CountriesFrance
95%
CountriesUnited Kingdom
95%
CountriesGermany
93%
SportsBasketball
85%
US PresidentsDonald Trump
85%
Social MediaInstagram
85%
CountriesJapan
85%
CitiesParis
85%
CountriesRussia
85%
CitiesLondon
84%
CitiesNew York City
84%
US PresidentsGeorge Washington
82%
People Alive | US PresidentsBarack Obama
80%
Social MediaFacebook
80%
Tourist AttractionsEiffel Tower
78%
CountriesItaly
78%
WarsThe American Civil War
78%
SportsTennis
76%
Social MediaTwitter
76%
SportsBaseball
75%
CountriesBrazil
75%
WarsThe Vietnam War
75%
CitiesTokyo
75%
US PresidentsAbraham Lincoln
73%
CitiesBeijing
73%
Social MediaSnapchat
73%
CountriesIndia
69%
Singers/Musical GroupsMichael Jackson
67%
CitiesRome
67%
US PresidentsGeorge W Bush
65%
CitiesLos Angeles
65%
SportsRugby
65%
Singers/Musical GroupsThe Beatles
65%
SportsCricket
64%
People AliveTaylor Swift
64%
US PresidentsFranklin D Roosevelt
62%
US PresidentsJohn F Kennedy
60%
US PresidentsThomas Jefferson
60%
Social MediaTikTok
60%
US PresidentsTheodore Roosevelt
58%
CitiesMoscow
53%
Tourist AttractionsPyramids of Giza
53%
Tourist AttractionsStatue of Liberty
49%
US PresidentsRonald Reagan
47%
People Dead | Singers/Musical GroupsElvis Presley
45%
SportsGolf
45%
Tourist AttractionsThe Colosseum
45%
WarsThe Cold War
44%
Social MediaYouTube
44%
Tourist AttractionsGreat Wall of China
42%
Social MediaWhatsApp
42%
Singers/Musical GroupsMadonna
36%
CitiesDubai
33%
Social MediaReddit
33%
People Alive | Singers/Musical GroupsBeyonce
31%
Social MediaLinkedIn
31%
Tourist AttractionsTaj Mahal
31%
Singers/Musical GroupsThe Rolling Stones
31%
Singers/Musical GroupsQueen
29%
WarsThe Napoleonic Wars
27%
CitiesIstanbul
25%
People DeadMarilyn Monroe
25%
SportsAthletics
24%
Social MediaPinterest
22%
WarsThe Thirty Years' War
22%
People AliveElon Musk
20%
Tourist AttractionsGrand Canyon
20%
People DeadMahatma Gandhi
20%
Tourist AttractionsSydney Opera House
20%
SportsBoxing
18%
People DeadMartin Luther King Jr
18%
Tourist AttractionsMachu Picchu
16%
People DeadAlbert Einstein
15%
People AliveBill Gates
13%
WarsThe Crusades
13%
WarsThe Mongol Conquests
13%
People AliveJeff Bezos
11%
People DeadNelson Mandela
11%
People AliveOprah Winfrey
11%
Singers/Musical GroupsBob Dylan
9%
People AliveChristiano Ronaldo
9%
Singers/Musical GroupsLed Zeppelin
9%
People AliveAngela Merkel
7%
Singers/Musical GroupsBob Marley
7%
SportsFormula 1
7%
People DeadLeonardo Da Vinci
7%
People DeadMother Teresa
7%
WarsThe Peloponnesian War
7%
People DeadWilliam Shakespeare
7%
People AliveXi Jinping
7%
Tourist AttractionsVatican City
4%
People DeadPablo Picasso
2%

Score Distribution

Percentile by Number Answered

Percent of People with Each Score

Your Score History

You have not taken this quiz